Tłumaczenia angielskich imion - Statystyki

Ogólne statystyki
  • Ten quiz został rozwiązany 5 062 razy
    5 041 od ostatniego zresetowania
  • Średni wynik to 18 z 22
Statystyki odpowiedzi
Angielski Polski % Poprawnych
Peter Piotr
97%
John Jan
96%
Rafael Rafał
96%
Andrew Andrzej
95%
Matthew Mateusz
95%
Simon Szymon
95%
Rose Róża
94%
Richard Ryszard
93%
Luke Łukasz
91%
Catherine Katarzyna
89%
Paul Paweł
89%
Joseph Józef
88%
Timothy Tymoteusz
82%
Agnes Agnieszka
80%
Margaret Małgorzata
79%
Toby Tobiasz
78%
Nicholas Mikołaj
73%
Charles Karol
68%
Hope Nadia
65%
George Jerzy
62%
James Jakub
46%
Lewis Ludwik
27%
Nie znaleziono quizów pasujących do podanych kryteriów
Rozkład punktacji
Procent ludzi z każdym wynikiem
Percentyl według liczby udzielonych odpowiedzi
Twoja historia wyników
Nie rozwiązałeś tego quizu od ostatniego zresetowania